| 000 | 00460nam a2200169Ia 4500 | ||
|---|---|---|---|
| 003 | GCL | ||
| 008 | 140319s9999 xx 000 0 eng d | ||
| 040 |
_aGCL / _cGCL |
||
| 082 | 0 | 4 |
_a618.92 _bH A |
| 100 | 1 | _aHOGHUGHI, MASUD | |
| 245 | 1 | 0 |
_aASSESSING CHILD AND ADOLESCENT DISORDERS: A PRACTICE MANUAL / _cHOGHUGHI, MASUD |
| 260 |
_a[S.N] : _bSAGE PUBLICATIONS ، _c1992 |
||
| 300 | _a374 P | ||
| 650 | 0 | 4 | _aCHILDREN |
| 650 | 0 | 4 | _aPEDIATRICS |
| 942 |
_2ddc _cBK |
||
| 999 |
_c12234 _d12234 |
||